Osobyje ekonomičeskije zony.

Zvláštne ekonomické zóny predstavujú časti ekonomického priestoru v ktorých jestvuje preferenčný režim. Zriaďovanie týchto zón predstavuje významnú inštitucionálnu inováciu prejavujúcu sa vo svetovej ekonomike v posledných desaťročiach. Náčrt rôznych foriem zvláštnych ekonomických zón: exportno-výro...

Ausführliche Beschreibung

Gespeichert in:
Bibliographische Detailangaben
1. Verfasser: Babincev, V.
Weitere Verfasser: Valiullin, Ch
Format: Buchkapitel
Sprache:Russisch
Schlagworte:
Tags: Tag hinzufügen
Keine Tags, Fügen Sie das erste Tag hinzu!

MARC

LEADER 00000naa a2200000 4500
001 r010851
005 20221130113230.7
041 0 |a rus 
044 |a [SU] 
245 1 0 |a Osobyje ekonomičeskije zony.  |c V. Babincev, Ch. Valiullin 
520 |a Zvláštne ekonomické zóny predstavujú časti ekonomického priestoru v ktorých jestvuje preferenčný režim. Zriaďovanie týchto zón predstavuje významnú inštitucionálnu inováciu prejavujúcu sa vo svetovej ekonomike v posledných desaťročiach. Náčrt rôznych foriem zvláštnych ekonomických zón: exportno-výrobné zóny; zóny zahraničného obchodu; zóny podnikov; vedeckotechnologické parky. Určenie týchto zón za variant teritoriálnej deľby práce. 
610 2 0 |a zóny 
610 2 0 |a regióny ekonomické 
610 2 0 |a oblasti obchodu voľného 
610 2 0 |a preferencie 
610 2 0 |a inovácia 
610 2 0 |a vývoz 
610 2 0 |a potenciál vedeckotechnický 
610 2 0 |a deľba práce 
610 2 0 |a svet 
100 1 |a Babincev, V. 
700 1 |a Valiullin, Ch.